Direito das sucesse̳s

Bibliographic Details
Main Author: Brochado Teixeira, Ana Carolina
Other Authors: Maia Nevares, Ana Luiza
Format: eBook
Language:Portuguese
Published: Indaiatuba: Editora Foco, 2022
Subjects:
Online Access:Acceso restringido

MARC

LEADER 00000nam a22000007a 4500
005 20220421223522.0
007 cr|||| ||||
008 220421s2020 br |||||s|||| 00||0 por d
020 |a 978-65-5515-385-9 
035 |a 36206 
040 |a vLex 
090 |c 13229  |d 13229 
100 1 |a Brochado Teixeira, Ana Carolina 
245 1 0 |a Direito das sucesse̳s  |h [Recurso electrn̤ico] /  |c Ana Carolina Brochado Teixeira, Ana Luiza Maia Nevares 
256 |a Servicio en ln̕ea 
260 |a Indaiatuba:  |b Editora Foco,  |c 2022 
300 |a 1 recurso electrn̤ico 
506 1 |a Disponible solo en los productos indicados  |d vLex Global  |d vLex Global (Academic Edition, excluding Law Schools)  |d vLex Global (U.S. Academic Edition, Law Schools)  |d vLex Global (U.S. Academic Edition, excluding Law Schools)  |d vLex Global (Academic Edition, Law Schools) 
650 0 4 |a Derecho Civil  |z Brasil 
700 1 |a Maia Nevares, Ana Luiza 
740 0 |a vLex Libros (Servicio en ln̕ea) 
856 4 0 |u https://app.vlex.com/#/sources/36206  |z Acceso restringido 
942 |c BOOK 
999 0 |a Civil Law